| 000 | 00592nam a2200205Ia 4500 | ||
|---|---|---|---|
| 005 | 20250923144826.0 | ||
| 008 | 008 250917s9999 xx 000 0 eng d | ||
| 037 | _aTextual | ||
| 040 |
_aDSWL _beng _cDSWL |
||
| 041 |
_aeng _2eng |
||
| 084 |
_aY157:7:7.7924.N55, K2 _qDSWL |
||
| 100 |
_aBack, Kurt W. _9828806 |
||
| 245 | 0 |
_aSlums project and people _cby Kurt W. Back |
|
| 260 |
_aDurhan _bUniversityPress Durhan _c1962 |
||
| 300 | _avi,214p. | ||
| 365 |
_aUSD _b5 |
||
| 925 | _g5 | ||
| 942 |
_cTEXL _hY157:7:7.7924.N55, K2 |
||
| 999 |
_c1443819 _d1443819 |
||